| 000 | 00423nam a22001697a 4500 | ||
|---|---|---|---|
| 005 | 20160518142127.0 | ||
| 008 | 160518b xxu||||| |||| 00| 0 eng d | ||
| 020 | _a81-7496-403-7 | ||
| 041 | _aeng | ||
| 082 | _b2947 | ||
| 100 |
_aAggar and R. _9749 |
||
| 245 | _aBusiness Communication & Organisation Management | ||
| 260 |
_bTaxmann allied service _c2002 |
||
| 300 | _a22.11 | ||
| 650 |
_aManagement _9241 |
||
| 942 | _cBK | ||
| 999 |
_c1027 _d1027 |
||